000 00553nam a2200217 a 4500
001 BRCA_6505
005 20190320205502.0
008 270911s1913----gw-#######---#000-0#ger-#
041 _ager
044 _agw
050 4 _aPT2642
_b.H58 N33
_c1913
100 1 _aThoma, Ludwig
_d1867-1921
_96159
245 1 0 _aNachbarsleute
_cvon Ludwig Thoma.
260 _aMĂșnich
_bAllbet Langen
_cc1913
300 _a172 p.
_c18 cm.
500 _aCon firma de Franz Mayer
500 _aL41
650 1 4 _aLiteratura Alemana
_96160
902 _aGFM
942 _2lcc
_cB
999 _c6189
_d6189